000 00321nam a2200133Ia 4500
008 240624s9999 xx 000 0 und d
041 _aeng
082 _a658.45 HBR
100 _aHBR
245 _aBUSINESS COMMUNICATION 9 STEPS TO HELP Y
260 _c2003
_aBoston
_bHBR
300 _a162 : p. : cm. ; 28
365 _cRS
999 _c26783
_d26783